01060nam a2200253Ia 450000500170000000800410001702000180005804000180007604100080009408200220010210000270012424500720015125000120022326000440023530000310027965000220031065000360033265000240036870000280039294200310042099900190045195201680047095201680063820230705150310.0210716s2010 xx 000 0 und d a9788131729878 cAIMIT LIBRARY aeng a004.602 24bWELL aWelling, Luke.9125640 aPHP and MySQL web development /cBy Luke Welling and Laura Thomson. a4th ed. aNew Delhi :bPearson Education ,c2010. axxxiv,968p. ;bPBc22.5 cm aUsing PHP9125641 aAdvanced PHP techniques9125642 aUsing MySQL9125643 aThomson, Laura.9125644 2ddccBKe4thk004.602 WELL c191006d191006 00102ddc40708MCAaAIMITbAIMITeAthulya Booksg850.00iBill no:ABK 504; Bill dt:2010-09l0o004.602 WELLpMCA10514r2025-07-21 00:00:00v637.50w2021-07-16yBK 00102ddc40708MCAaAIMITbAIMITeAthulya Booksg850.00iBill no:ABK 595; Bill dt:2011-10l0o004.602 WELLpMCA11487r2025-07-21 00:00:00v637.50w2021-07-16yBK